Normal view
MARC view
Entry Meeting Name
001 - CONTROL NUMBER
- control field: 16467
003 - CONTROL NUMBER IDENTIFIER
- control field: OSt
005 - DATE AND TIME OF LATEST TRANSACTION
- control field: 20211105134037.0
008 - FIXED-LENGTH DATA ELEMENTS
- fixed length control field: 211105|| aca||aabn | a|a d
040 ## - CATALOGING SOURCE
- Original cataloging agency: OSt
- Transcribing agency: OSt
111 ## - HEADING--MEETING NAME
- Meeting name or jurisdiction name as entry element: Symposium on a Decade of UV Astronomy with the IUE Satellite
- Location of meeting: Greenbelt, Maryland, USA
- Date of meeting or treaty signing: 1988 Apr. 12-15
670 ## - SOURCE DATA FOUND
- Source citation: Work cat.: (OSt): Rolfe, E. J. 15553, A decade of UV astronomy with the IUE satellite, 1988